[Event "Casanova op 20th"]
[Site "Casanova"]
[Date "2009.07.19"]
[Round "2"]
[White "Humeau, Cyril"]
[Black "Dehainault, Christian"]
[Result "1-0"]
[WhiteElo "2177"]
[BlackElo "1734"]
[PlyCount "61"]
[EventDate "2009.07.19"]
[EventType "swiss (rapid)"]
[EventRounds "9"]
[EventCountry "FRA"]
[SourceTitle "EXT 2010"]
[Source "ChessBase"]
[SourceDate "2010.11.25"]
[SourceVersion "1"]
[SourceVersionDate "2010.11.25"]
[SourceQuality "1"]

1. e4 d6 2. Bc4 Nf6 3. d3 g6 4. Nf3 Bg7 5. Nc3 a6 6. Bg5 0-0 7. Qd2 c5 8. a4 Qb6 9. Bb3 Nc6 10. 0-0-0 Qb4 11. Bh6 b5 12. Bxg7 Kxg7 13. Bd5 bxa4 14. Nb1 a3 15. Qxb4 Nxb4 16. Nxa3 Nbxd5 17. exd5 Nxd5 18. Nd2 e5 19. Rde1 Nf4 20. g3 Nh5 21. Rhg1 a5 22. Nac4 Rd8 23. Ne4 d5 24. Nb6 Rb8 25. Nxc8 Rbxc8 26. Ng5 c4 27. dxc4 Rxc4 28. Rxe5 d4 29. h4 a4 30. Re7 h6 31. Nxf7 1-0

[Event "Corsica-chT"]
[Site "Porticcio"]
[Date "2007.04.01"]
[Round "4.4"]
[White "Orsoni, Jean Philippe"]
[Black "Dehainault, Christian"]
[Result "1-0"]
[WhiteElo "1907"]
[BlackElo "1680"]
[PlyCount "31"]
[EventDate "2007.03.07"]
[EventType "team"]
[EventRounds "9"]
[EventCountry "FRA"]
[SourceTitle "CBM 117 Extra"]
[Source "ChessBase"]
[SourceDate "2007.05.09"]
[SourceVersion "1"]
[SourceVersionDate "2007.05.09"]
[SourceQuality "1"]
[WhiteTeam "Corsica CC"]
[BlackTeam "Echecs Club du Fium'Orbu"]
[WhiteTeamCountry "FRA"]
[BlackTeamCountry "FRA"]

1. e4 c5 2. Nf3 Nc6 3. d4 cxd4 4. Nxd4 e6 5. Nc3 Bc5 6. Be3 Qb6 7. Na4 Qb4+ 8. c3 Qa5 9. Nxc6 dxc6 10. Bxc5 b5 11. Qd6 Qd8 12. Qf8+ Kd7 13. 0-0-0+ Kc7 14. Qxd8+ Kb7 15. Bxa7 Kxa7 16. Qb6# 1-0

[Event "Corsica-chT"]
[Site "Porticcio"]
[Date "2007.03.18"]
[Round "1.1"]
[White "Dehainault, Christian"]
[Black "Degoirat, Julien"]
[Result "0-1"]
[WhiteElo "1680"]
[BlackElo "2163"]
[PlyCount "36"]
[EventDate "2007.03.07"]
[EventType "team"]
[EventRounds "9"]
[EventCountry "FRA"]
[SourceTitle "CBM 117 Extra"]
[Source "ChessBase"]
[SourceDate "2007.05.09"]
[SourceVersion "1"]
[SourceVersionDate "2007.05.09"]
[SourceQuality "1"]
[WhiteTeam "Echecs Club du Fium'Orbu"]
[BlackTeam "Balagna CC"]
[WhiteTeamCountry "FRA"]
[BlackTeamCountry "FRA"]

1. Nf3 d5 2. g3 Nf6 3. d4 e6 4. Bg2 b6 5. 0-0 Bb7 6. Nbd2 Be7 7. c4 Nbd7 8. Qc2 0-0 9. Ng5 h6 10. Nh3 c5 11. e4 cxd4 12. exd5 exd5 13. cxd5 Bxd5 14. Ne4 Nxe4 15. Bxe4 Rc8 16. Qd3 Nc5 17. Qxd4 Bxe4 18. Qc3 Qd3 0-1